| 000 | 01166nam a2200325 i 4500 | ||
|---|---|---|---|
| 001 | 195980 | ||
| 003 | ES-MaACL | ||
| 005 | 20250721063451.0 | ||
| 008 | 240806b2013 sp ||||| |||| 00| 0 spa d | ||
| 017 |
_aM 934-2013 _bOficina Depósito Legal Madrid |
||
| 020 | _a9788494101205 | ||
| 040 |
_bspa _cES-MaACL |
||
| 100 | 1 |
_aO Guillen, Maria de la _9237849 _eaut |
|
| 245 |
_aUna onda en movimiento / _cMaría de la O Guillen ; prólogo de Carlos Toro |
||
| 250 | _aPrimera edición: 2013 | ||
| 260 |
_aMadrid : _bEdiciones Vitrubio, _c2013 |
||
| 300 |
_a49 páginas ; _c24 cm |
||
| 336 |
_2rdacontent _atexto |
||
| 337 |
_2rdamedia _asin mediación |
||
| 338 |
_2rdacarrier _avolumen |
||
| 520 | _aPoemario de María de la O Guillén | ||
| 655 | 7 |
_2tgfbne _9176539 _aPoesías |
|
| 700 |
_aToro, Carlos _eaui _9238916 |
||
| 852 |
_aES-MaACL _cDEPOJ _jN-10143 _xEncuadernación rústica con solapas _hDonación: Editorial _9206274 |
||
| 942 |
_cMONOGRAFIA _n0 |
||
| 999 |
_c195980 _d195980 |
||